Identification of pathogenic fungi of rubber white root disease (Record no. 60637)

MARC details
000 -LEADER
fixed length control field 00561nam a2200205Ia 4500
100 ## - MAIN ENTRY--AUTHOR NAME
Personal name Yunqiang Zhang
245 #0 - TITLE STATEMENT
Title Identification of pathogenic fungi of rubber white root disease
260 ## - PUBLICATION, DISTRIBUTION, ETC. (IMPRINT)
Name of publisher Chinese Journal of Tropical Crops
Year of publication 1992
300 ## - PHYSICAL DESCRIPTION
Number of Pages 70
650 ## - SUBJECT ADDED ENTRY--TOPICAL TERM
Topical Term Hevea brasiliensis
650 ## - SUBJECT ADDED ENTRY--TOPICAL TERM
Topical Term Identification
650 ## - SUBJECT ADDED ENTRY--TOPICAL TERM
Topical Term Pathogenic fungi
650 ## - SUBJECT ADDED ENTRY--TOPICAL TERM
Topical Term White root rot
700 ## - ADDED ENTRY--PERSONAL NAME
Personal name Bingtang Cai
700 ## - ADDED ENTRY--PERSONAL NAME
Personal name Huiqiang Zhang
700 ## - ADDED ENTRY--PERSONAL NAME
Personal name Shiqiang Zhou
700 ## - ADDED ENTRY--PERSONAL NAME
Personal name Zhuotong Yu
942 ## - ADDED ENTRY ELEMENTS (KOHA)
Koha item type Journals
Holdings
Withdrawn status Lost status Damaged status Not for loan Home library Current library Shelving location Date acquired Serial Enumeration / chronology Koha item type
      Journals RRII Library RRII Library Pathology 17/12/2021 Volume 13, Issue 2 Journals